Word Ladder: Famous British Rock Band Quiz Stats

 Plays Quiz Updated Oct 19, 2017

Challenge
Share
Tweet
Embed
Score 0/12 Timer 01:30
2 Plays Today
Clue 4-Letter Answer % Correct
Back of the footHEEL
97.2%
♫ What a child does with a toy ♫♫ PLAY ♫
97.2%
Shut with great forceSLAM
95.8%
Kill - as in what St. George did to the dragonSLAY
95.8%
Recover from an ailmentHEAL
95.4%
Semi-aquatic marine mammalSEAL
95.1%
A place of miseryHELL
94.9%
Something to be rungBELL
94.4%
Place at which two pieces of cloth are joinedSEAM
94.3%
♫ Frigid ♫♫ COLD ♫
93.9%
Courageous and daringBOLD
91.9%
Rounded cotton seedBOLL
86.8%

Today's Daily Dose

Missing Word
Britpop Albums

Word Ladder
Sing It!

On This Day
December 14th II

You're not logged in!

Compare scores with friends on all Sporcle quizzes.
OR
Log In

You Might Also Like...

Show Comments

Extras

Top Quizzes Today


Score Distribution

Your Account Isn't Verified!

In order to create a playlist on Sporcle, you need to verify the email address you used during registration. Go to your Sporcle Settings to finish the process.

Report this User

Report this user for behavior that violates our Community Guidelines.

Details: